000 00620nam a2200181Ia 4500
003 LK-CoDNM
008 010623t xxu||||| |||| 00| 1 sin d
040 _aLK-CoDNM
_dLK-CoDNM
_eLK-CoDNM
041 _asin
080 _a362.656
_bABA
245 _aආබාධිතතා සහිත පුද්ගලයින් සුරුකීම හා සත්කාරකයින් බල ගැන්වීම
246 _aAabadithatha sahitha pudgalayin surekiima haa sathkaarakayin bala gaenviima
260 _bCCF Lanka
300 _b(xii)120, 20.5 cm
650 _aDisable
650 _aObjectives
942 _cBK
999 _c137404
_d137404